Normal view
MARC view
Entry Personal Name
001 - CONTROL NUMBER
- control field: 56577
003 - CONTROL NUMBER IDENTIFIER
- control field: dpl
005 - DATE AND TIME OF LATEST TRANSACTION
- control field: 20230913155550.0
008 - FIXED-LENGTH DATA ELEMENTS
- fixed length control field: 230913|| aca||aabn | a|a d
040 ## - CATALOGING SOURCE
- Original cataloging agency: dpl
- Transcribing agency: dpl
100 ## - HEADING--PERSONAL NAME
- Personal name: Awasthi Rajeev
670 ## - SOURCE DATA FOUND
- Source citation: Work cat.: (dpl)198070: Awasthi Rajeev , Castes In India:, 2023
